000 00606nam a2200241Ia 4500
003 OSt
005 20221006144721.0
006 a|||||r|||| 00| 0
007 ta
008 221006b |||||||| |||| 00| 0 eng d
020 _a0224017020
_c181.00
024 _a12,480
037 _cTextual
040 _aEASL
_cEASL
_beng
041 _2eng
_aeng
082 _aV41.N79, M0
100 _aSUYIN Han
245 0 _aMy House Has Two Doors
260 _aLondon
_bJonathan Cape
_c1980
300 _a655p.
_ccm.
942 _hV41.N79, M0
_cTEXL
_2CC
999 _c1080566
_d1080566